Everyone on Every Current Banknote - Statistics

General Stats
  • This quiz has been taken 18 times
  • The average score is 97 of 1011
Answer Stats
-------------------------
Country/Currency
-------------------------
Example Image Place of Birth
-------------------------
% Correct
Singapore/Dollar Straits Settlement of Singapore Lee Kuan Yew
100%
United States/Dollar United States Abraham Lincoln
94%
United States/Dollar Province of North Carolina Andrew Jackson
94%
Scotland/Pound United Kingdom of Great Britain and Ireland (England) Elizabeth Bowes-Lyon
94%
United States/Dollar Colony of Virginia George Washington
94%
United States/Dollar Colony of Virginia Martha Dandridge Custis Washington
94%
Australia/Dollar Bahamas/Dollar Belize/Dollar Isle of Man/Pound Jersey/Pound Canada/Dollar Eastern Caribbean/Dollar Fiji/Dollar New Zealand/Dollar Bermuda/Dollar Cayman Islands/Dollar Falkland Islands/Pound Gibraltar/Pound Saint Helena/Pound England/Pound Scotland/Pound United Kingdom (England) Elizabeth II
88%
Vietnam/Đồng Protectorate of Annam Hồ Chí Minh
88%
United States/Dollar Colony of Virginia Thomas Jefferson
88%
United States/Dollar Province of Massachusetts Bay Benjamin Franklin
81%
China/Rénmínbì Great Qing Mao Zedong
81%
South Korea/Won Joseon Yi Hwang
81%
South Korea/Won Joseon Yi I
81%
South Korea/Won Joseon Yi Sun-sin
81%
Bahamas/Dollar Dominican Republic/Peso United States/Dollar Republic of Genoa Christopher Columbus
75%
Poland/Złoty Polish–Lithuanian Commonwealth Jan III Sobieski
75%
North Korea/Won Chosŏn (Pyongyang) Kim Il Sung
75%
India/Rupee British Raj (Kathiawar Agency) Mohandas Karamchand Gandhi
75%
United States/Dollar United States Ulysses S. Grant
75%
United States/Dollar Province of Pennsylvania William Franklin
75%
United States/Dollar Colony of the Leeward Islands Alexander Hamilton
69%
Romania/Leu Principality of Hohenzollern-Sigmaringen Carol I
69%
Bermuda/Dollar Falkland Islands/Pound Saint Helena/Pound England/Pound United Kingdom (England) Charles III
69%
Armenia/Dram Bolivia/Boliviano North Macedonia/Denar Poland/Złoty United States/Dollar Herodian Kingdom Jesus of Nazareth
69%
Czechia/Koruna Kingdom of Bohemia Karel IV
69%
South Africa/Rand Union of South Africa Nelson Madiba Rolihlahla Mandela
69%
Bolivia/Boliviano Venezuela/Bolívar Captaincy General of Venezuela Simón Bolívar
69%
Gibraltar/Pound England/Pound United Kingdom of Great Britain and Ireland (England) Winston Churchill
69%
Jersey/Pound Principality of Calenberg George II
63%
Liberia/Dollar United States Rachel Wright Johnson
63%
Bahamas/Dollar Crown Colony of the Bahamas Sister Sarah Johnson
63%
Russia/Ruble Transnistria/Ruble Kingdom of Prussia Catherine II
56%
Haiti/Gourde Colony of Grenada Henri Christophe (Henry I)
56%
United States/Dollar United States Thomas Woodrow Wilson
56%
Cuba/Peso Argentina Ernesto "Che" Guevara
56%
Georgia/Lari Roman Empire (Cappadocia) George of Lydda
56%
Canada/Dollar United Kingdom of Great Britain and Ireland (England) George VI
56%
Barbados/Dollar Colony of Barbados Grantley Herbert Adams
56%
United States/Dollar Kingdom of Great Britain (Scotland) James Wilson
56%
Canada/Dollar Dominion of Canada J. M. Wilson
56%
United States/Dollar Province of Massachusetts Bay John Adams
56%
Bolivia/Boliviano Mexico/Peso North Macedonia/Denar Poland/Złoty Herodian Kingdom Maryam of Nazareth
56%
Canada/Dollar Dominion of Canada Morris Watson Wilson
56%
Russia/Ruble Tsardom of Russia Pyotr I Alekseyevich
56%
Egypt/Pound New Kingdom of Egypt Ramesses B
56%
Egypt/Pound New Kingdom of Egypt Ramesses II
56%
United States/Dollar Colony of Virginia Richard Henry Lee
56%
United States/Dollar Province of Massachusetts Bay Samuel Adams
56%
Egypt/Pound New Kingdom of Egypt Tutankhamun
56%
Scotland/Pound Kingdom of Great Britain (Scotland) Adam Smith
50%
Australia/Dollar Colony of Queensland Charles Kingsford Smith
50%
Egypt/Pound Ptolemaic Kingdom Cleopatra VII Thea Philopator
50%
Canada/Dollar United Kingdom of Great Britain and Ireland (England) Edward VIII
50%
Canada/Dollar United Kingdom of Great Britain and Ireland (England) Henry, Duke of Gloucester
50%
Canada/Dollar United Kingdom of Great Britain and Ireland (England) Mary of Teck
50%
Iran/Rial Qajar Iran Seyyed Ruhollah Mostafavi Musavi Khomeini
50%
Pakistan/Rupee Maratha Confederacy Syed Ahmad Khan
50%
Canada/Dollar Dominion of Canada William Lyon MacKenzie King
50%
Mauritius/Rupee British Raj (Bengal Presidency) Abdool Razack Mohamed
44%
Saudi Arabia/Riyal Sultanate of Nejd Abdullah bin Abdulaziz al-Saud
44%
Taiwan/Dollar Great Qing Chiang Kai-shek
44%
Cuba/Peso Republic of Cuba Fidel Castro
44%
Argentina/Peso Argentina María Eva Duarte de Perón
44%
Canada/Dollar Romania/Leu United Kingdom of Great Britain and Ireland (England) Marie of Romania
44%
Turkey/Lira Ottoman Empire (Salonica Vilayet) Mustafa Kemal Atatürk
44%
Serbia/Dinar Austrian Empire (Kingdom of Croatia) Nikola Tesla
44%
Saudi Arabia/Riyal Saudi Arabia Salman bin Abdulaziz al-Saud
44%
Myanmar/Kyat Konbaung Empire Saya San
44%
Ghana/Cedi Colony of the Gold Coast William Ofori Atta
44%
Saudi Arabia/Riyal Emirate of Najd Abdulaziz bin Abdul Rahman al-Saud
38%
England/Pound United Kingdom of Great Britain and Ireland (England) Alan Turing
38%
Mexico/Peso Captaincy General of Yucatán Andrés Eligio Quintana Roo
38%
Syria/Pound Ba'athist Syrian Arab Republic Bashar Hafez al-Assad
38%
Saudi Arabia/Riyal Sultanate of Nejd Fahd bin Abdulaziz al-Saud
38%
Saudi Arabia/Riyal Emirate of Riyadh Faisal bin Abdulaziz al-Saud
38%
Syria/Pound Alawite State Hafez al-Assad
38%
Gibraltar/Pound Kingdom of Great Britain (England) Horatio Nelson
38%
Jordan/Dinar Ottoman Empire Hussein bin Ali al-Hashimi
38%
Jordan/Dinar Emirate of Transjordan Hussein I bin Talal al-Hashimi
38%
Australia/Dollar Kingdom of Great Britain (England) James Cook
38%
United States/Dollar Colony of Virginia James Madison
38%
Poland/Złoty Poland Jan Paweł II
38%
Cuba/Peso Captaincy General of Cuba José Julián Martí
38%
Grenada/Dollar Grenada Kirani James
38%
Chile/Peso Captaincy General of Chile Manuel Xavier Rodríguez Erdoíza
38%
Syria/Pound Roman Empire (Arabia Petraea) Marcus Julius Philippus I
38%
Morocco/Dirham Alawi Sultanate Mohammed V al-Khamis bin Yusef al-Alawi
38%
Morocco/Dirham Morocco Mohammed VI bin Hassan al-Alawi
38%
Nigeria/Naira Colony and Protectorate of Nigeria Murtala Ramat Muhammed
38%
Philippines/Piso Captaincy General of the Philippines Pedro Rodriguez
38%
Taiwan/Dollar Great Qing Sun Yat-sen
38%
United States/Dollar Connecticut Colony William Williams
38%
Jordan/Dinar Ottoman Empire (Makkah) Abdullah I bin Hussein
31%
Jordan/Dinar Jordan Abdullah II bin Hussein
31%
Philippines/Piso Captaincy General of the Philippines Adriano Hernández
31%
Colombia/Peso Colombia Alfonso López Michelsen
31%
Costa Rica/Colón Costa Rica Alfredo González Flores
31%
Thailand/Baht German Reich [Weimar] Ananda Mahidol Rama VIII
31%
Thailand/Baht United States Bhumibol Adulyadej Rama IX
31%
Paraguay/Guarani Viceroyalty of the Río de la Plata Carlos Antonio López
31%
Thailand/Baht Rattanakosin Kingdom Chulalongkorn Rama V
31%
New Zealand/Dollar Dominion of New Zealand Edmund Percival Hillary
31%
Romania/Leu Kingdom of Prussia (Sigmaringen) Ferdinand I
31%
United States/Dollar Kingdom of Great Britain (Wales) Francis Lewis
31%
Colombia/Peso Colombia Gabriel José García Márquez
31%
Northern Ireland/Pound United Kingdom of Great Britain and Ireland (Ulaidh) James Martin
31%
Kenya/Shilling East Africa Protectorate Jomo Kenyatta
31%
Laos/Kip Kingdom of Luang Prabang Kaysone Phomvihane
31%
Grenada/Dollar Colony of Curaçao and Dependencies (Aruba) Maurice Rupert Bishop
31%
United States/Dollar Colony of Virginia Meriwether Lewis
31%
Thailand/Baht Rattanakosin Kingdom Mongkut Rama IV
31%
Singapore/Dollar Residency of Malacca Munshi Abdullah bin Abdul al-Kadir
31%
Thailand/Baht Rattanakosin Kingdom Nangklao Thap Rama III
31%
Poland/Złoty Crown of the Kingdom of Poland (Royal Prussia) Nicolaus Copernicus
31%
Thailand/Baht Ayutthaya Kingdom Phutthaloetla Naphalai Chim Rama II
31%
Thailand/Baht Ayutthaya Kingdom Phutthayotfa Chulalok Thongduang Rama I
31%
Thailand/Baht Kingdom of Siam Prajadhipok Rama VII
31%
Paraguay/Guarani Viceroyalty of Peru Roque González y de Santa Cruz
31%
Liberia/Dollar United States Susannah Elizabeth Lewis
31%
Thailand/Baht United States Urbie Green
31%
Thailand/Baht Thailand Vajiralongkorn
31%
Thailand/Baht Kingdom of Siam Vajiravudh Rama VI
31%
Eastern Caribbean/Dollar British Windward Islands (Saint Lucia) William Arthur Lewis
31%
United States/Dollar United States William McKinley
31%
United States/Dollar Province of New Jersey Abraham Clark
25%
Egypt/Pound New Kingdom of Egypt Akhenaten
25%
Canada/Dollar Province of Canada Albert William Austin
25%
Australia/Dollar Van Diemen's Land Andrew Inglis Clark
25%
Cuba/Peso Republic of Cuba Celia Sánchez Manduley
25%
Colombia/Peso United States of Colombia Elvira Silva
25%
Dominican Republic/Peso Captaincy General of Santo Domingo Francisco del Rosario Sánchez
25%
Mexico/Peso Mexico Frida Kahlo
25%
Hungary/Forint Grand Principality of Hungary I. István
25%
England/Pound Kingdom of Great Britain (England) Jane Austen
25%
Canada/Dollar United Kingdom of Great Britain and Ireland (Scotland) John Alexander Macdonald
25%
Colombia/Peso United States of Colombia José Asunción Silva
25%
Guatemala/Quetzal Honduras/Lempira Captaincy General of Guatemala José Cecilio Díaz del Valle
25%
Papua New Guinea/Kina Mandatory New Guinea Julius Chan
25%
Eswatini/Lilangeni Swaziland Protectorate Mswati III
25%
Egypt/Pound Old Kingdom of Egypt Nofret
25%
Kazakhstan/Tenge Kazakh SSR Nursultan Nazarbayev
25%
Scotland/Pound Kingdom of Scotland Raibeart I am Brusach
25%
Singapore/Dollar Straits Settlement of Singapore Ruth Wong Hie King
25%
Cambodia/Riel Shakya Republic Siddhartha Gautama
25%
United States/Dollar United States Spencer Morton Clark
25%
Moldova/Leu Principality of Moldavia Ștefan III
25%
United States/Dollar Colony of Virginia William Clark
25%
Scotland/Pound United Kingdom of Great Britain and Ireland (Scotland) Alexander Graham Bell
19%
Scotland/Pound United Kingdom of Great Britain and Ireland (Scotland) Alexander Greek Thomson
19%
Myanmar/Kyat British Raj (Burma) Aung San
19%
United States/Dollar United States Benjamin Harrison
19%
United States/Dollar Colony of Virginia Benjamin Harrison V
19%
Cuba/Peso Captaincy General of Cuba Calixto García y Iñiguez
19%
Australia/Dollar United Kingdom of Great Britain and Ireland (England) Caroline Chisholm
19%
Mongolia/Tögrög Borjigin Chinggis Khaan
19%
Mexico/Peso Mexico Diego Rivera
19%
Angola/Kwanza Portuguese Angola José Eduardo dos Santos
19%
United States/Dollar Province of New York George Clinton
19%
Israel/New Shekel Russian Empire (Ukraine) Golda Mabovitch Meir
19%
Tunisia/Dinar Carthaginian Empire Hannibal
19%
Cambodia/Riel Protectorate of Cambodia Hun Sen
19%
Malaysia/Ringgit Singapore Straits Settlement Ibrahim al-Masyhur Temenggong
19%
Malaysia/Ringgit Kelantan Sultanate Ibrahim ibni Almarhum Sultan Muhammad IV
19%
Eastern Caribbean/Dollar British Leeward Islands (Antigua) Isaac Vivian Alexander Richards
19%
United States/Dollar United States James Abram Garfield
19%
United States/Dollar Province of Massachusetts Bay John Hancock
19%
United States/Dollar United States John Sherman
19%
Botswana/Pula BagammaNgwato Khama III
19%
United States/Dollar Province of New York Lewis Morris
19%
Scotland/Pound United Kingdom of Great Britain and Ireland (England) Louisa Garrett Anderson
19%
Scotland/Pound United States Mabel Gardiner Hubbard
19%
Argentina/Peso Viceroyalty of Peru María Remedios del Valle
19%
Poland/Złoty Congress Poland Maria Skłodowska-Curie
19%
Canada/Dollar United Kingdom of Great Britain and Ireland (England) Mary Elliot-Murray-Kynynmound
19%
Azerbaijan/Manat Aq Qoyunlu Məhəmməd bin Süleyman Fuzuli
19%
Malaysia/Ringgit Malaysia Muhammad V
19%
Scotland/Pound Kingdom of Great Britain (Scotland) Robert Burns
19%
United States/Dollar Kingdom of Great Britain (England) Robert Morris Jr.
19%
United States/Dollar Province of Massachusetts Bay Roger Sherman
19%
Nicaragua/Córdoba Nicaragua Rubén Darío
19%
Liberia/Dollar Liberia Samuel Kanyon Doe
19%
Botswana/Pula Bechuanaland Protectorate Seretse Goitsebeng Maphiri Khama
19%
Botswana/Pula United Kingdom (England) Seretse Khama Ian Khama
19%
Bangladesh/Taka Bengal Presidency Sheikh Mujibur Rahman
19%
South Korea/Won Joseon Shin Saimdang
19%
United States/Dollar United States Stephen Grover Cleveland
19%
Indonesia/Rupiah Dutch East Indies Sukarno
19%
Scotland/Pound United Kingdom of Great Britain and Ireland (Scotland) Thomas Mitchell Morris
19%
Romania/Leu Roman Empire (Hispania Baetica) Trajan
19%
Malaysia/Ringgit Kedah Sultanate Tunku Abdul Rahman Putra al-Haj
19%
Liberia/Dollar Liberia William Vacanarat Shadrach Tubman
19%
United States/Dollar United States Winfield Scott Hancock
19%
Scotland/Pound United Kingdom of Great Britain and Ireland (Scotland) Alexander Fleming
13%
Haiti/Gourde Saint-Domingue Alexandre Sabès Pétion
13%
Poland/Złoty Sweden–Norway (Sweden) Alfred Bernhard Nobel
13%
Angola/Kwanza Portuguese Angola António Agostinho Neto Kilamba
13%
Nicaragua/Córdoba Nicaragua Augusto César Sandino
13%
Mexico/Peso New Spain (Kingdom of México) Benito Pablo Juárez
13%
Argentina/Peso Captaincy General of Chile Bernardo O’Higgins
13%
Haiti/Gourde Saint-Domingue Catherine Flon
13%
Philippines/Piso Philippine Insular Government Corazon C. Aquino
13%
Haiti/Gourde Saint-Domingue Jean-Jacques Dessalines (Jacques I)
13%
Philippines/Piso United States Douglas MacArthur
13%
Australia/Dollar Colony of New South Wales Edmund Barton
13%
Mexico/Peso Mexico Emiliano Zapata
13%
Canada/Dollar Dominion of Canada Emily Murphy
13%
Turkey/Lira Ottoman Empire Fatma Aliye Topuz
13%
Philippines/Piso Kingdom of Portugal Ferdinand Magellan
13%
Haiti/Gourde Saint-Domingue François-Dominique Toussaint L'Ouverture
13%
Poland/Złoty Duchy of Warsaw Frédéric Chopin
13%
Belize/Dollar British Honduras George Cadle Price
13%
Bahrain/Dinar Protectorate of Bahrain Hamad bin Isa bin Salman al-Khalifa
13%
Iraq/Dinar Old Babylonian Empire Hammurabi
13%
Malawi/Kwacha British Central Africa Protectorate Hastings Kamuzu Banda
13%
Canada/Dollar Province of Canada Henri Charles Wilfrid Laurier
13%
Canada/Dollar Province of Canada Henrietta Muir Edwards
13%
Australia/Dollar Colony of New South Wales Ian Clunies Ross
13%
Bhutan/Ngultrum Bhutan Jigme Dorji Wangchuck
13%
Bhutan/Ngultrum Kingdom of Nepal Jigme Khesar Namgyel Wangchuck
13%
Bhutan/Ngultrum Bhutan Jigme Namgyel Wangchuck
13%
Bhutan/Ngultrum Bhutan Jigme Singye Wangchuck
13%
Australia/Dollar Kingdom of Great Britain (England) John Macarthur
13%
Peru/Sol Peru José Abelardo Quiñones Gonzáles
13%
England/Pound Kingdom of Great Britain (England) Joseph Mallord William Turner
13%
New Zealand/Dollar United Kingdom of Great Britain and Ireland (England) Kate Sheppard
13%
Mongolia/Tögrög Great Qing (Outer Mongolia) Khorloogiin Choibalsan
13%
Ghana/Cedi Colony of the Gold Coast Kwame Nkrumah
13%
Lesotho/Loti Basutoland Letsie III
13%
Nepal/Rupee Shakya Republic Mahāmāyā
13%
Philippines/Piso Captaincy General of the Philippines Manuel Luis Quezon
13%
Costa Rica/Colón Free State of Costa Rica Mauro Fernández Acuña
13%
Mexico/Peso Nueva Galicia Miguel Hidalgo y Costilla
13%
Australia/Dollar Ngarrindjeri Nation (Tanganekald/ Junggurumbar) Milerum Long
13%
Scotland/Pound United Kingdom of Great Britain and Ireland (Scotland) Nan Shepherd
13%
Bosnia & Herzegovina/Convertible Mark Condominium of Bosnia and Herzegovina Nikola Šop
13%
Philippines/Piso Philippine Insular Government Ninoy Aquino Jr.
13%
Cambodia/Riel Colony of Cochinchina Norodom Monineath Sihanouk
13%
Cambodia/Riel Protectorate of Cambodia Norodom Sihanouk
13%
Philippines/Piso Captaincy General of the Philippines Pablo Guzman
13%
Democratic Republic of the Congo/Franc Belgian Congo Patrice Émery Lumumba
13%
Australia/Dollar Ngarrindjeri Nation (Ngaralda) Polly Beck
13%
Oman/Rial Sultanate of Muscat and Oman Qaboos bin Sa'id al-Sa'id
13%
Honduras/Lempira Honduras Ramón Rosa
13%
Scotland/Pound United Kingdom of Great Britain and Ireland (Scotland) Robert Louis Stevenson
13%
Zambia/Kwacha Southern Rhodesia Rupiah Bwezani Banda
13%
Namibia/Dollar South West Africa (Ovamboland) Sam Nujoma
13%
Mauritius/Rupee Colony of Mauritius Seewoosagur Ramgoolam
13%
South Korea/Won Joseon Sejong
13%
Bangladesh/Taka Pakistan (East Bengal) Sheikh Hasina Wazed
13%
Brunei/Ringgit Protectorate of Brunei Sultan Haji Hassanal Bolkiah Muiz'zaddin Wad'daulah
13%
Jordan/Dinar Ottoman Empire (Makkah) Talal bin Abdullah al-Hashimi
13%
Singapore/Dollar Great Qing Tan Kah Kee
13%
United States/Dollar Province of South Carolina Thomas Heyward Jr.
13%
Egypt/Pound New Kingdom of Egypt Thutmose III
13%
Bhutan/Ngultrum Druk Desi Bhutan Ugyen Wangchuk
13%
Scotland/Pound Kingdom of Great Britain (Scotland) Walter Scott
13%
Tunisia/Dinar Fatimid Caliphate Abu 'Ali Hasan ibn Rachiq
6%
Turkmenistan/Manat Qiniq Oghuz Abu Talib Muhammad Tughril I
6%
Paraguay/Guarani Paraguay Adela Speratti
6%
Bolivia/Boliviano Bolivia Adela Zamudio
6%
Turkmenistan/Manat Seljuk Empire Ahmad Sanjar
6%
Nigeria/Naira Northern Nigeria Protectorate Ahmadu Bello
6%
Tonga/Pa'anga Protectorate of the Kingdom of Tonga ʻAho‘eitu ʻUnuakiʻotonga Tukuʻaho Tupou VI
6%
Canada/Dollar Dominion of Canada Akay-na-muka
6%
Switzerland/Franc Canton of Bern Albrecht von Haller
6%
Djibouti/Franc French Somaliland Ali Ahmed Oudoum
6%
Singapore/Dollar Straits Settlement of Singapore Alice Edith Wilhelmina Pennefather
6%
Kyrgyzstan/Som Russian Empire (Kyrgyzstan) Alıqul Osmonov
6%
Nigeria/Naira Colony and Protectorate of Nigeria Aliyu Mai-Bornu
6%
Philippines/Piso Captaincy General of the Philippines Ambrosio Rianzares Bautista
6%
Cabo Verde/Escudo Portuguese Guinea Amílcar Cabral
6%
Egypt/Pound New Kingdom of Egypt Amun-her-khepeshef
6%
Chile/Peso Captaincy General of Venezuela Andrés de Jesús María y José Bello
6%
Bolivia/Boliviano Captaincy General of Venezuela Antonio José de Sucre
6%
Bolivia/Boliviano Eastern Bolivian Guaraní Nation Apiaguaiki Tumpa
6%
New Zealand/Dollar Colony of New Zealand Āpirana Turupa Ngata
6%
Cabo Verde/Escudo Portuguese Cabo Verde Aristides Maria Pereira
6%
Philippines/Piso Philippines Arnulfo de Mesa
6%
Sweden/Krona Sweden Astrid Lindgren
6%
Sierra Leone/Leone Kingdom of Koya Bai Bureh
6%
Cabo Verde/Escudo Portuguese Cabo Verde Baltasar Lopes da Silva
6%
Bolivia/Boliviano Viceroyalty of Peru (Q'ara Qhatu) Bartolina Sisa
6%
Botswana/Pula Ngwaketse Bathoen I
6%
Thailand/Baht United States Benny Goodman
6%
Fiji/Dollar United Kingdom (England) Ben Ryan
6%
Honduras/Lempira Honduras Bertha Isabel Cáceres Flores
6%
Hungary/Forint Principality of Transylvania Bethlen Gábor
6%
Sweden/Krona Sweden Birgit Nilsson
6%
Poland/Złoty Civitas Schinesghe Bolesław I Chrobry
6%
Costa Rica/Colón Captaincy General of Guatemala Braulio Evaristo Carrillo Colina
6%
Iceland/Krónur Denmark–Norway (Iceland) Brynjólfur Sveinsson
6%
Cuba/Peso Republic of Cuba Camilo Cienfuegos
6%
Cuba/Peso Captaincy General of Cuba Carlos Manuel de Céspedes
6%
Australia/Dollar United Kingdom of Great Britain and Ireland (Scotland) Catherine Helen Spence
6%
Philippines/Piso Philippines Cecilia Paz Abad
6%
Bolivia/Boliviano Bolivia Cecilio Guzmán de Rojas
6%
Paraguay/Guarani Paraguay Celsa Speratti
6%
Cabo Verde/Escudo Portuguese Cabo Verde Cesária Évora
6%
Mauritius/Rupee Colony of Mauritius Charles Gaëtan Duval
6%
Scotland/Pound United Kingdom of Great Britain and Ireland (Scotland) Charles Rennie Mackintosh
6%
United States/Dollar Kingdom of Ireland Charles Thomson
6%
Cabo Verde/Escudo Portuguese Cabo Verde Codé di Dona
6%
Liberia/Dollar United States Colonette Teage Ellis
6%
Sierra Leone/Leone Sierra Leone Colony and Protectorate Constance Cummings-John
6%
Philippines/Piso United States Courtney Whitney
6%
Mexico/Peso Tenochtitlan Cuāuhtemōc
6%
Mongolia/Tögrög Great Qing (Outer Mongolia) Damdin Sükhbaatar
6%
Kyrgyzstan/Som Khanate of Kokand Datka Kurmanjan Mamatbay kyzy
6%
Scotland/Pound United Kingdom of Great Britain and Ireland (Scotland) David Livingstone
6%
Australia/Dollar Ngarrindjeri Nation (Raukkan) David Ngunaitponi Unaipon
6%
Gambia/Dalasi Gambia Colony and Protectorate Dawda Kairaba Jawara
6%
Philippines/Piso Philippine Insular Government Diosdado Pangan Macapagal Sr.
6%
Nicaragua/Córdoba Chieftaincy of the Dirianes Diriangen
6%
Argentina/Peso Bolivia/Boliviano Viceroyalty of the Río de la Plata Juana Azurduy de Padilla
6%
Argentina/Peso Viceroyalty of the Río de la Plata Juan Manuel de Rosas
6%
Egypt/Pound New Kingdom of Egypt Nefertari, Daughter of Nefertari
6%
Turkmenistan/Manat Tiele or Xiongnu Oğuz Kağan (Modu Chanyu)
6%
Poland/Złoty Duchy of Bohemia Doubravka Přemyslovna
6%
United States/Dollar Province of Massachusetts Bay Elbridge Thomas Gerry
6%
New Zealand/Dollar Colony of New Zealand Ernest Rutherford
6%
Bolivia/Boliviano Viceroyalty of the Río de la Plata Eustaquio Méndez
6%
Samoa/Tālā Western Samoa Fautua Otto
6%
Scotland/Pound United Kingdom of Great Britain and Ireland (Scotland) Flora Murray
6%
Nicaragua/Córdoba Crown of Castile Francisco Hernández de Córdoba
6%
Haiti/Gourde Saint-Domingue François Capois
6%
Canada/Dollar United Kingdom of Great Britain and Ireland (England) Gilbert Elliot-Murray-Kynynmound
6%
Albania/Lek Principality of Kastrioti Gjergj Kastrioti Skanderbeg
6%
Sweden/Krona Sweden–Norway (Sweden) Greta Garbo
6%
Namibia/Dollar South West Africa Hage Gottfried Geingob
6%
Oman/Rial Sultanate of Muscat and Oman Haitham bin Tariq al-Sa'id
6%
Northern Ireland/Pound United Kingdom of Great Britain and Ireland (Ulaidh) Harry Ferguson
6%
Morocco/Dirham French protectorate in Morocco Hassan II bin Mohammed bin Yusef al-Alawi
6%
Egypt/Pound New Kingdom of Egypt Hatshepsut
6%
Australia/Dollar Colony of New South Wales Henry Lawson
6%
United States/Dollar Crown of Castile Hernando de Soto
6%
Chile/Peso Chile Ignacio Carrera Pinto
6%
Mexico/Peso Mexico (Coahuila y Tejas) Ignacio Zaragoza
6%
Hungary/Forint Royal Hungary II. Rákóczi Ferenc
6%
Scotland/Pound Kingdom of Great Britain (Scotland) Ilay Campbell
6%
Sweden/Krona Sweden Ingmar Bergman
6%
Peru/Sol Viceroyalty of Peru Isabel Flores de Oliva
6%
Guatemala/Quetzal Captaincy General of Guatemala Isidro del Valle y Castriciones
6%
Czechia/Koruna Margraviate of Moravia Jan Ámos Komenský
6%
Poland/Złoty Crown of the Kingdom of Poland Jan Długosz
6%
Mauritius/Rupee Great Qing Jean Etienne Moilin Ah-Chuen
6%
United States/Dollar Province of Maryland John Dickinson
6%
United States/Dollar Colony of Virginia John Marshall
6%
Iceland/Krónur Denmark–Norway (Iceland) Jónas Hallgrímsson
6%
Iceland/Krónur Denmark–Norway (Iceland) Jón Sigurðsson
6%
Cuba/Peso Captaincy General of Cuba José Antonio de la Caridad Maceo
6%
Honduras/Lempira Captaincy General of Guatemala José Dionisio de la Trinidad de Herrera
6%
Argentina/Peso Viceroyalty of the Río de la Plata José Francisco de San Martín
6%
Mexico/Peso New Spain (Kingdom of México) José María Teclo Morelos
6%
Australia/Dollar Kingdom of Great Britain (England) Joseph Banks
6%
Gibraltar/Pound Gibraltar Joshua Abraham Hassan
6%
Poland/Złoty Russian Empire (Vilna) Józef Piłsudski
6%
Tanzania/Shilling Tanganyika Territory Julius Kambarage Nyerere
6%
Poland/Złoty Russian Empire (Volhynia) Juliusz Słowacki
6%
Czechia/Koruna Austria-Hungary Karel Engliš
6%
Poland/Złoty Duchy of Brześć Kujawski Kazimierz III Wielki
6%
Egypt/Pound Old Kingdom of Egypt Khafre
6%
Tunisia/Dinar Circassian Confederacy Kheireddine Pacha
6%
Indonesia/Rupiah Dutch East Indies K.H. Idham Chalid
6%
Mexico/Peso Pa' Chan Lady Kʼabʼal Xook
6%
Philippines/Piso Kedatuan of Mactan Lapulapu
6%
Honduras/Lempira Lenca Nation Lempira
6%
Switzerland/Franc Canton of Basel Leonhard Euler
6%
Russia/Ruble Soviet Union (RSFSR) Lev Ivanovich Yashin
6%
Samoa/Tālā Western Samoa Lia Palala
6%
Mexico/Peso Mexican Republic Luis Manuel Rojas
6%
Turkmenistan/Manat Safavid Iran Magtymguly Pyragy
6%
Indonesia/Rupiah Palembang Sultanate Mahmud Badaruddin II bin Sultan Muhammad Bahauddin
6%
Philippines/Piso Captaincy General of the Philippines Manuel Acuña Roxas
6%
Argentina/Peso Viceroyalty of Peru Manuel Belgrano
6%
Philippines/Piso Captaincy General of the Philippines Manuel Rey
6%
Jamaica/Dollar Colony of Jamaica Marcus Mosiah Garvey Jr.
6%
Argentina/Peso Viceroyalty of the Río de la Plata María de la Encarnación Ezcurra
6%
Peru/Sol Peru María Rostworowski
6%
Dominican Republic/Peso Dominican Republic María Teresa Mirabal
6%
Romania/Leu Principality of Wallachia Matei Basarab
6%
Hungary/Forint Kingdom of Hungary Mátyás I Corvinus
6%
Egypt/Pound New Kingdom of Egypt Meritamen
6%
Jamaica/Dollar Colony of Jamaica Michael Norman Manley
6%
Papua New Guinea/Kina Mandatory New Guinea Michael Thomas Somare
6%
Poland/Złoty Polanie Zachodni Mieszko I
6%
Dominican Republic/Peso Dominican Republic Minerva Mirabal Reyes
6%
Indonesia/Rupiah Dutch East Indies Mohammad Hatta
6%
Lesotho/Loti Menkhoaneng Moshoeshoe I
6%
Lesotho/Loti Basutoland Moshoeshoe II
6%
Pakistan/Rupee British Raj (Bombay Presidency) Muhammad Ali Jinnah
6%
Japan/Yen Fujiwara Regency Murasaki Shikibu
6%
Jamaica/Dollar Asante Empire Nanny of the Maroons
6%
Namibia/Dollar Cape Colony ǃNanseb ǀGâbemab
6%
Romania/Leu Principality of Wallachia Neagoe Basarab
6%
Egypt/Pound New Kingdom of Egypt Nefertari Meritmut
6%
Australia/Dollar Colony of Victoria Nellie Melba
6%
Mexico/Peso Tetzcoco Nezahualcoyōtl
6%
Romania/Leu Principality of Romania Nicolae Iorga
6%
Haiti/Gourde Haiti Nicolas Geffrard
6%
Jamaica/Dollar Colony of Jamaica Norman Washington Manley
6%
Cambodia/Riel Protectorate of Cambodia Norodom Sihamoni
6%
Dominican Republic/Peso Dominican Republic Patria Mercedes Mirabal
6%
Jamaica/Dollar Colony of Jamaica Paul Bogle
6%
Brazil/Real Kingdom of Portugal Pedro Álvares Cabral
6%
Belize/Dollar British Honduras Philip Goldson
6%
Nicaragua/Córdoba Viceroyalty of New Granada Rafaela de Herrera
6%
Argentina/Peso Argentina Ramón Carrillo
6%
São Tomé e Príncipe/Dobra Colony of São Tomé and Príncipe Rei Amador Vieira
6%
United States/Dollar Province of New Jersey Richard Stockton
6%
United States/Dollar United States Robert James Walker
6%
United States/Dollar Province of New York Robert Robert Livingston
6%
United States/Dollar Province of Massachusetts Bay Robert Treat Paine
6%
United States/Dollar United States Salmon Portland Chase
6%
Mozambique/Metical Colony of Moçambique Samora Moisés Machel
6%
United States/Dollar Province of Maryland Samuel Chase
6%
Northern Ireland/Pound United Kingdom of Great Britain and Ireland (Ulaidh) Samuel Davidson
6%
Jamaica/Dollar Colony of Jamaica Samuel Sharpe
6%
Botswana/Pula Kwena Sebele I
6%
Sierra Leone/Leone Colony of Sierra Leone Sengbe Pieh
6%
Comoros/Franc French Comoros Seyyid Habib Umar bin Ahmad bin Sumayt Ba'Alawi al-Husayni
6%
Tonga/Pa'anga Protectorate of the Kingdom of Tonga Siaosi Tāufaʻāhau Manumataongo Tukuʻaho Tupou V
6%
Poland/Złoty Sweden Sigismund III Vasa
6%
Thailand/Baht Kingdom of Siam Sirikit Kitiyakara
6%
Guatemala/Quetzal Ik' Naahb' Nal Sky Xul
6%
Mexico/Peso New Spain (Kingdom of México) Sor Juana Inés de la Cruz
6%
Haiti/Gourde Saint-Domingue Suzanne Sanité Bélair
6%
Thailand/Baht Ayutthaya Kingdom Taksin
6%
Georgia/Lari Kingdom of Georgia Tamar I
6%
Singapore/Dollar Great Qing Teresa Hsu Chih
6%
Belize/Dollar Kingdom of Great Britain (England) Thomas Potts
6%
Peru/Sol Peru Tilsa Tsuchiya
6%
Indonesia/Rupiah Aceh Sultanate Tjoet Cut Nyak Meutia
6%
Kyrgyzstan/Som Khanate of Kokand Toğoloq Moldo
6%
Bolivia/Boliviano Viceroyalty of Peru (Macha) Tomás Katari
6%
Kyrgyzstan/Som Khanate of Kokand Toqtogul Satylgan uulu
6%
Bolivia/Boliviano Viceroyalty of Peru Tupak Katari
6%
Samoa/Tālā Western Samoa Uale Mai
6%
Philippines/Piso Captaincy General of the Philippines Vicente Podico Lim
6%
Canada/Dollar Dominion of Canada Viola Irene Desmond
6%
Colombia/Peso Colombia Virginia Gutiérrez de Pineda
6%
Abkhazia/Apsar Abkhaz ASSR Vladislav Ardzinba
6%
Canada/Dollar Dominion of Canada W. A. Bog
6%
United States/Dollar Colony of Virginia William Harris Crawford
6%
Philippines/Piso United States William J. Dunn
6%
Scotland/Pound United Kingdom of Great Britain and Ireland (Ulaidh) William Thomson, 1st Baron Kelvin
6%
Poland/Złoty Grand Duchy of Lithuania Władysław II Jogaila
6%
Russia/Ruble Kievan Rus' Yaroslav I Vladimirovich
6%
Poland/Złoty Herodian Kingdom Yōḥanān ma'mḏānā
6%
Malaysia/Ringgit Federated Malay States (Perak) Yussuf Izzuddin Shah
6%
United Arab Emirates/Dirham Trucial Emirate of Abu Dhabi Zayed bin Sultan al-Nahyan
6%
Poland/Złoty Crown of the Kingdom of Poland Zygmunt I Stary
6%
Malaysia/Ringgit Kedah Sultanate Abdul Halim Mu'adzam Shah ibni Almarhum
0%
Kyrgyzstan/Som Russian Empire (Kyrgyzstan) Abdylas Maldybaevich Maldybaev
0%
Armenia/Dram Kingdom of Osroene Abgar V Ukkāmā
0%
Tunisia/Dinar Regency of Tunis Aboul-Qacem Echebbi
0%
Iraq/Dinar Buyid Emirate Abu Ali al-Hasan ibn al-Hasan ibn al-Haytham
0%
Malaysia/Ringgit Federated Malay States (Pahang) Abu Bakar Ri’ayatuddin al-Mu’azzam
0%
Nigeria/Naira Northern Nigeria Protectorate Abubakar Tafawa Balewa
0%
Singapore/Dollar Federated Malay States (Selangor) Adnan bin Saidi
0%
Samoa/Tālā Territory of Western Samoa Afioga Fiamē Naomi Mataʻafa
0%
Canada/Dollar Dominion of Canada Agnes Campbell Macphail
0%
Chile/Peso Chile Agustín Arturo Prat
0%
Mexico/Peso New Spain (Kingdom of México) Agustín Cosme Damián de Iturbide
0%
Philippines/Piso Captaincy General of the Philippines Agustín Montilla
0%
Paraguay/Guarani Paraguay Agustín Pío Barrios
0%
United Arab Emirates/Dirham Trucial Emirate of Umm Al Quwain Ahmad bin Rashid al-Mualla
0%
Malaysia/Ringgit Federated Malay States (Pahang) Ahmad Shah al-Musta’in Billah ibni Almarhum
0%
Georgia/Lari Russian Empire (Georgia) Akaki Tsereteli
0%
Ghana/Cedi Colony of the Gold Coast Ako Adjei
0%
Switzerland/Franc Switzerland Alberto Giacometti
0%
Bolivia/Boliviano Viceroyalty of Peru Alejo Calatayud
0%
Albania/Lek Ottoman Empire (Albania) Aleksandër Stavre Drenova
0%
Armenia/Dram Russian Empire (Krasnodar) Aleksandr Hovhannesi Tamanyan
0%
Transnistria/Ruble Russian Empire Aleksandr Vasilievič Suvorov-Rymnikskij
0%
Bosnia & Herzegovina/Convertible Mark Ottoman Empire (Bosnia) Aleksa Šantić
0%
Australia/Dollar Colony of Victoria Alfred Deakin
0%
Uruguay/Peso Argentina Alfredo Vásquez Acevedo
0%
Tanzania/Shilling Tanganyika Territory Ali Hassan Mwinyi
0%
Czechia/Koruna Austria-Hungary Alois Rašín
0%
Fiji/Dollar Fiji Alowesi Nakoci
0%
Nigeria/Naira Southern Nigeria Protectorate Alvan Azinna Ikoku
0%
Fiji/Dollar Fiji Ana Maria Naimasi
0%
Nicaragua/Córdoba Nicaragua Anastasio Somoza Debayle
0%
Australia/Dollar Colony of New South Wales Andrew "Banjo" Barton Paterson
0%
Philippines/Piso Captaincy General of the Philippines Ángel Roco
0%
Botswana/Pula Botswana Anthony Pesela
0%
Argentina/Peso Viceroyalty of the Río de la Plata Antonio "Gaucho" Rivero
0%
Philippines/Piso Captaincy General of the Philippines Antonio Ledesma Jayme
0%
Guatemala/Quetzal Captaincy General of Guatemala Antonio Rivera Cabezas
0%
Bosnia & Herzegovina/Convertible Mark Condominium of Bosnia and Herzegovina Antun Branko Šimić
0%
Fiji/Dollar Fiji Apisai Domolailai
0%
Sri Lanka/Rupee Maurya Empire Arahant Mahinda
0%
Cuba/Peso Spain Arsenio Martínez-Campos
0%
Uzbekistan/So'm Khwarazm Artav of Khwarazm
0%
Bahamas/Dollar Crown Colony of the Bahamas Arthur Dion Hanna
0%
Switzerland/Franc France Arthur Honegger
0%
United States/Dollar Province of South Carolina Arthur Middleton
0%
Switzerland/Franc Canton of Vaud Auguste-Henri Forel
0%
Philippines/Piso Captaincy General of the Philippines Aurelio Pineda
0%
Romania/Leu Austria-Hungary (Transylvania) Aurel Vlaicu
0%
Armenia/Dram Russian Empire (Armenia) Avetik Sahaki Isahakyan
0%
Sweden/Krona Sweden–Norway (Sweden) Axel Evert Taube
0%
Turkey/Lira Ottoman Empire Aydın Sayılı
0%
Malaysia/Ringgit Federated Malay States (Perak) Azlan Shah I
0%
Malaysia/Ringgit Kedah Sultanate Badlishah ibni Almarhum
0%
Thailand/Baht Thailand Bajrakitiyabha Narendira Debyavati
0%
Malawi/Kwacha Nyasaland Protectorate Bakili Muluzi
0%
Botswana/Pula Botswana Bayapo S. Ndori
0%
Canada/Dollar Dominion of Canada Beaudry Leman
0%
United States/Dollar Province of Pennsylvania Benjamin Rush
0%
Paraguay/Guarani Spain Bernardo Luis de Velasco
0%
Cambodia/Riel Thailand (Phra Tabong) Bour Kry
0%
Czechia/Koruna Austrian Empire Božena Němcová
0%
Bolivia/Boliviano Bolivia Bruno Racua Chimay
0%
Kyrgyzstan/Som Russian SFSR (Kirghiz ASSR) Bübüsara Beyşenalieva
0%
Turkey/Lira Ottoman Empire Buhurizade Mustafa Itri
0%
Botswana/Pula Botswana Busang Collen Kebinatshipi
0%
Canada/Dollar Dominion of Canada C.A. Bogert
0%
Turkey/Lira Ottoman Empire (Salonica Vilayet) Cahit Arf
0%
Colombia/Peso Colombia Carlos Alberto Lleras Restrepo
0%
Philippines/Piso Captaincy General of the Philippines Carlos Imperial
0%
Guatemala/Quetzal Guatemala Carlos Oscar Anselmo Zachrisson
0%
Philippines/Piso Captaincy General of the Philippines Carlos Peña Romulo Sr.
0%
Scotland/Pound United Kingdom of Great Britain and Ireland (Scotland) Catherine Cranston
0%
Philippines/Piso Captaincy General of the Philippines Cayetano Lukban
0%
Argentina/Peso Argentina Cecilia Grierson
0%
Bahamas/Dollar Crown Colony of the Bahamas Cecil Vincent Wallace-Whitfield
0%
Azerbaijan/Manat Russian Empire (Nakhchivan) Cəlil Məmmədquluzadə
0%
Canada/Dollar Dominion of Canada Charles Blair Gordon
0%
Australia/Dollar Province of South Australia Charles Cameron Kingston
0%
United States/Dollar Province of Maryland Charles Carroll III
0%
Barbados/Dollar Colony of Barbados Charles Duncan O'Neal
0%
Switzerland/Franc Switzerland Charles Édouard Jeanneret-Gris
0%
Switzerland/Franc Switzerland Charles-Ferdinand Ramuz
0%
Fiji/Dollar United Kingdom (England) Chris Cracknell
0%
Thailand/Baht Thailand Chulabhorn
0%
Philippines/Piso Philippines Claro Lat
0%
Nigeria/Naira Colony and Protectorate of Nigeria Clement Nyong Isong
0%
Switzerland/Franc Republic of Zürich Conrad Gessner
0%
Philippines/Piso Captaincy General of the Philippines Crispín Oben
0%
Sweden/Krona Sweden–Norway (Sweden) Dag Hammarskjöld
0%
Uruguay/Peso Viceroyalty of Peru Dámaso Antonio Larrañaga
0%
Mongolia/Tögrög Great Qing (Outer Mongolia) Dambyn Chagdarjav
0%
Mongolia/Tögrög Great Qing (Outer Mongolia) Dansranbilegiin Dogsom
0%
Mongolia/Tögrög Great Qing (Outer Mongolia) Darizavyn Losol
0%
Colombia/Peso Colombia Débora Arango
0%
Philippines/Piso Captaincy General of the Philippines Deogracias Reyes
0%
Sri Lanka/Rupee Kingdom of Anuradhapura Devanampiya Tissa
0%
Chile/Peso Captaincy General of Chile Diego José Pedro Víctor Portales
0%
Transnistria/Ruble Principality of Moldavia Dimitrie Cantemir
0%
Philippines/Piso Captaincy General of the Philippines Dionisio Mapa
0%
Thailand/Baht Thailand Dipangkorn Rasmijoti
0%
Mongolia/Tögrög Great Qing (Outer Mongolia) Dogsomyn Bodoo
0%
Argentina/Peso United Provinces of the Río de la Plata Domingo Faustino Sarmiento
0%
Jamaica/Dollar Colony of Jamaica Donald Burns Sangster
0%
Serbia/Dinar Austrian Empire (Kingdom of Hungary) Ðorde Vajfert
0%
Australia/Dollar United Kingdom of Great Britain and Ireland (England) Douglas Mawson
0%
Serbia/Dinar Austrian Empire (Kingdom of Hungary) Đuro Daničić
0%
Sri Lanka/Rupee Kingdom of Anuradhapura Duṭṭhagāmaṇī Abhaya
0%
Romania/Leu Kingdom of Romania Ecaterina Teodoroiu
0%
Australia/Dollar Colony of Western Australia Edith Dircksey Cowan
0%
Uruguay/Peso Uruguay Eduardo Fabini
0%
Ghana/Cedi Colony of the Gold Coast Edward Akufo-Addo
0%
Jamaica/Dollar United States Edward Philip George Seaga
0%
United States/Dollar Province of South Carolina Edward Rutledge
0%
United States/Dollar United States Edwin McMasters Stanton
0%
Scotland/Pound British Raj (North-Western Provinces) Elsie Inglis
0%
Czechia/Koruna Austria-Hungary Ema Destinnová
0%
Philippines/Piso Captaincy General of the Philippines Emiliano Alcala Gala
0%
Philippines/Piso Captaincy General of the Philippines Emilio Aguinaldo
0%
Dominican Republic/Peso Dominican Republic Emilio Prud'Homme
0%
Algeria/Dinar Regency of Algiers Emir Abd al-Qadir ibn Muhyi al-Din
0%
Nicaragua/Córdoba Federal Republic of Central America Emmanuel Mongalo
0%
Ghana/Cedi Colony of the Gold Coast Emmanuel Odarkwei Obetsebi-Lamptey
0%
Grenada/Dollar British Windward Islands (Grenada) Eric Matthew Gairy
0%
Barbados/Dollar Colony of Barbados Errol Barrow
0%
Philippines/Piso Captaincy General of the Philippines Eugenio Picazo
0%
Philippines/Piso Captaincy General of the Philippines Eusebio "Sebi" Orense
0%
Tunisia/Dinar Regency of Tunis Farhat Hached
0%
Botswana/Pula Bechuanaland Protectorate Festus Gontebanye Mogae
0%
Samoa/Tālā Territory of Western Samoa Fiamē Mataʻafa Faumuina Mulinuʻu II
0%
Bosnia & Herzegovina/Convertible Mark Serbia/Dinar Ottoman Empire (Bosnia) Filip Višnjić
0%
Scotland/Pound United Kingdom of Great Britain and Ireland (Scotland) Flora Clift Stevenson
0%
Philippines/Piso Captaincy General of the Philippines Florentino Peñaranda
0%
Switzerland/Franc Condominium of the Landvogtei of Lugano Francesco Borromini
0%
Mexico/Peso Mexican Republic Francisco Ignacio Madero
0%
Colombia/Peso Viceroyalty of New Granada Francisco José de Paula Santander
0%
Philippines/Piso Philippine Insular Government Francisco J. Salveron
0%
Guatemala/Quetzal Crown of Castile Francisco Marroquín
0%
Honduras/Lempira Captaincy General of Guatemala Francisco Morazán
0%
Philippines/Piso Captaincy General of the Philippines Francisco Soriano
0%
Philippines/Piso Captaincy General of the Philippines Francisco Zandueta
0%
United States/Dollar United States Francis Elias Spinner
0%
Australia/Dollar Kingdom of Great Britain (England) Francis Greenway
0%
United States/Dollar Province of Pennsylvania Francis Hopkinson
0%
Jersey/Pound Kingdom of Great Britain (England) Francis Peirson
0%
Cuba/Peso Republic of Cuba Frank País
0%
Barbados/Dollar Colony of Barbados Frank Worrell
0%
Indonesia/Rupiah Dutch East Indies Frans Kaisiepo
0%
Czechia/Koruna Serbia/Dinar Habsburg Realm (Kingdom of Bohemia) František Palacký
0%
Bolivia/Boliviano Bolivia Franz Tamayo
0%
Zambia/Kwacha Northern Rhodesia Frederick Jacob Titus Chiluba
0%
Japan/Yen Tokugawa Shogunate Fukuzawa Yukichi
0%
Guatemala/Quetzal Spain Gabino Crispín Gaínza
0%
Chile/Peso Chile Gabriela Mistral
0%
Philippines/Piso Captaincy General of the Philippines Gabriel Lasam
0%
Bolivia/Boliviano Bolivia Gabriel René Moreno
0%
Thailand/Baht United Kingdom (England) Galyani Vadhana
0%
Fiji/Dollar United Kingdom (Wales) Gareth Baber
0%
Thailand/Baht United States Gene Krupa
0%
Bolivia/Boliviano Bolivia Genoveva Rios
0%
Albania/Lek Labeatis/Illyria Génthios
0%
United States/Dollar Province of Pennsylvania George Clymer
0%
Romania/Leu Kingdom of Romania George Enescu
0%
Canada/Dollar Province of Lower Canada George-Étienne Cartier
0%
United States/Dollar Province of Maryland George Read
0%
Canada/Dollar Dominion of Canada George Wilbur Spinney
0%
Jamaica/Dollar Colony of Jamaica George William Gordon
0%
Guatemala/Quetzal Guatemala Germán Alcántara
0%
Indonesia/Rupiah Dutch East Indies Gerungan Saul Samuel Jacob Ratulangi
0%
Iceland/Krónur Denmark–Norway (Iceland) Gísli Þorláksson
0%
Philippines/Piso Philippines Gloria Macapagal Arroyo
0%
Dominican Republic/Peso Haiti Gregorio Luperón
0%
Armenia/Dram Kingdom of Greater Armenia Grigor Lusavorich
0%
Iceland/Krónur Denmark–Norway (Iceland) Gróa Þorleifsdóttir
0%
Turkmenistan/Manat Turkmen SSR Gurbanguly Mälikgulyýewiç Berdimuhamedow
0%
Djibouti/Franc Somaliland Protectorate Hassan Gouled Aptidon
0%
Indonesia/Rupiah Dutch East Indies H. Djuanda Kartawidjaja
0%
Tunisia/Dinar Regency of Tunis Hédi Amara Nouira
0%
Cabo Verde/Escudo Portuguese Cabo Verde Henrique Teixeira de Sousa
0%
Singapore/Dollar United Kingdom of Great Britain and Ireland (England) Henry Nicholas Ridley
0%
Australia/Dollar United Kingdom of Great Britain and Ireland (England) Henry Parkes
0%
Mexico/Peso Mexico Hermila Galindo
0%
Canada/Dollar Dominion of Canada H. F. Patterson
0%
Namibia/Dollar South West Africa (Ovamboland) Hifikepunye Pohamba
0%
Japan/Yen Empire of Japan Higuchi Natsuko
0%
Philippines/Piso Commonwealth of the Philippines Hilario Davide Jr.
0%
Malaysia/Ringgit Federated Malay States (Selangor) Hisamuddin Alam Shah Alhaj ibni Almarhum
0%
Switzerland/Franc Republic of Geneva Horace-Bénédict de Saussure
0%
Armenia/Dram Russian Empire (Crimea) Hovhannes Aivazovsky
0%
Armenia/Dram Russian Empire (Armenia) Hovhannes Tumanyan
0%
Australia/Dollar Province of South Australia Howard Florey
0%
Ukraine/Hryvnia Cossack Hetmanate Hryhorii Skovoroda
0%
Jamaica/Dollar Colony of Jamaica Hugh Lawson Shearer
0%
United States/Dollar United States Hugh McCulloch
0%
Cuba/Peso Captaincy General of Cuba Ignacio Agramonte y Loynáz
0%
Poland/Złoty Russian Empire (Podolia) Ignacy Jan Paderewski
0%
Poland/Złoty Vistula Land Ignacy Skorupka
0%
Indonesia/Rupiah Dutch East Indies I Gusti Ngurah Rai
0%
Georgia/Lari Russian Empire (Georgia) Ilia Chavchavadze
0%
Iceland/Krónur Denmark–Norway (Iceland) Ingibjörg Benediktsdóttir
0%
Malawi/Kwacha Maseko Ngoni Kingdom Inkosi Ya Makhosi Gomani II
0%
Malawi/Kwacha Jele Ngoni Kingdom Inkosi ya Makhosi M’mbelwa II
0%
Romania/Leu Romanian United Principalities Ion I.C. Brătianu
0%
Sierra Leone/Leone Colony of Sierra Leone Isaac Theophilus Akunna Wallace-Johnson
0%
Malaysia/Ringgit Johor Sultanate Iskandar ibni Almarhum Sultan Ismail
0%
Malaysia/Ringgit Siam (Terengganu) Ismail Nasiruddin Shah ibni Almarhum
0%
Albania/Lek Ottoman Empire (Albania) Ismail Qemali bey Vlora
0%
Japan/Yen Tokugawa Shogunate Itagaki Taisuke
0%
Japan/Yen Tokugawa Shogunate Itō Hirobumi
0%
Georgia/Lari Russian Empire (Georgia) Ivane Javakhishvili
0%
Ukraine/Hryvnia Austrian Empire (Kingdom of Galicia and Lodomeria) Ivan Yakovych Franko
0%
Bosnia & Herzegovina/Convertible Mark Condominium of Bosnia and Herzegovina Ivo Andrić
0%
Japan/Yen Tokugawa Shogunate Iwakura Tomomi
0%
Malaysia/Ringgit Federated Malay States (Selangor) Ja’afar ibni Almarhum Tuanku Abdul Rahman
0%
Canada/Dollar Dominion of Canada Jackson Dodds
0%
Scotland/Pound United States Jack William Nicklaus
0%
Switzerland/Franc Canton of Bern Jacob Burckhardt
0%
Azerbaijan/Manat Russian Empire (Azerbaijan) Jafar Jabbarly
0%
Switzerland/Franc Canton of Basel Jakob Emanuel Handmann
0%
Ghana/Cedi Colony of the Gold Coast James Emman Kwegyir Aggrey
0%
Malawi/Kwacha British Central Africa Protectorate James Frederick Sangala
0%
Serbia/Dinar Habsburg Realm (Kingdom of Bohemia) Jan Dvořáček
0%
Serbia/Dinar Habsburg Realm (Kingdom of Bohemia) Jan Svatopluk Presl
0%
Serbia/Dinar Austrian Empire (Stanisławów) Jan Tadeusz Lubomirski
0%
Føroyar/Króna Denmark (Faroe Islands) Janus Djurhuus
0%
Canada/Dollar Province of Upper Canada Janvier Arthur Vaillancourt
0%
Fiji/Dollar Fiji Jasa Veremalua
0%
Guatemala/Quetzal Yax Mutal Jasaw Chan K'awiil I
0%
Samoa/Tālā Western Samoa Jerry Meafou
0%
Fiji/Dollar Fiji Jerry Seremaia Tuwai Vunisa
0%
Bhutan/Ngultrum Bhutan Jetsun Pema
0%
Iceland/Krónur Denmark (Iceland) Jóhannes S. Kjarval
0%
Canada/Dollar Colony of Prince Edward Island John Andrew McLeod
0%
Northern Ireland/Pound United Kingdom of Great Britain and Ireland (Scotland) John Boyd Dunlop
0%
Malawi/Kwacha Nyasaland Protectorate John Chilembwe
0%
Australia/Dollar Colony of Victoria John Flynn
0%
Australia/Dollar Colony of Western Australia John Forrest
0%
South Sudan/Pound Anglo-Egyptian Sudan John Garang de Mabior
0%
United States/Dollar United States John Jay Knox Jr.
0%
Australia/Dollar Colony of Victoria John Monash
0%
Barbados/Dollar Colony of Barbados John Redman Bovell
0%
Australia/Dollar Colony of New South Wales John Tebbutt
0%
United States/Dollar Kingdom of Great Britain (Scotland) John Witherspoon
0%
Peru/Sol Chile (Tacna) Jorge Basadre Grohmann
0%
Colombia/Peso Republic of New Granada Jorge Isaacs
0%
Cabo Verde/Escudo Portuguese Cabo Verde Jorge Vera-Cruz Barbosa
0%
Fiji/Dollar Colony of Fiji Josaia Voreqe Frank Bainimarama
0%
Philippines/Piso Captaincy General of the Philippines José Abad Santos
0%
Guatemala/Quetzal Captaincy General of Guatemala José Antonio de Larrave
0%
Nicaragua/Córdoba Captaincy General of Guatemala José Dolores Estrada
0%
Guatemala/Quetzal Captaincy General of Guatemala José Domingo Diéguez
0%
Philippines/Piso Revolutionary Government of the Philippines Josefa Llanes Escoda
0%
Paraguay/Guarani Viceroyalty of Peru José Gaspar Rodríguez de Francia
0%
Bolivia/Boliviano Viceroyalty of the Río de la Plata José Manuel Baca
0%
Peru/Sol Peru José María Arguedas
0%
Costa Rica/Colón Costa Rica José María Hipólito Figueres Ferrer
0%
Philippines/Piso Captaincy General of the Philippines Jose Maria Lerma
0%
Guatemala/Quetzal Captaincy General of Guatemala José Mariano Calderón
0%
Guatemala/Quetzal Guatemala José María Orellana Pinto
0%
Guatemala/Quetzal Captaincy General of Guatemala José Matías Delgado
0%
Uruguay/Peso Uruguay José Pedro Varela
0%
United States/Dollar Province of New Jersey Joseph Hewes
0%
Ghana/Cedi Colony of the Gold Coast Joseph Kwame Kyeretwie Boakye Danquah
0%
Mauritius/Rupee Colony of Mauritius Joseph Maurice Paturau
0%
Democratic Republic of the Congo/Franc Belgian Congo Joseph Okito
0%
Dominican Republic/Peso Haiti (Santo Domingo) José Reyes
0%
Bolivia/Boliviano Viceroyalty of the Río de la Plata José Santos Vargas
0%
Nicaragua/Córdoba Nicaragua José Santos Zelaya
0%
Honduras/Lempira Captaincy General of Guatemala José Trinidad Cabañas
0%
Mexico/Peso Mexico José Venustiano Carranza
0%
Fiji/Dollar Fiji Josua Tuisova Ratulevu
0%
Serbia/Dinar Principality of Serbia Jovan Cvijić
0%
Bosnia & Herzegovina/Convertible Mark Ottoman Empire (Bosnia) Jovan Dučić
0%
Poland/Złoty Habsburg Realm Józef Antoni Poniatowski
0%
Uruguay/Peso Uruguay Juana Fernández Morales de Ibarbourou
0%
Argentina/Peso United Provinces of the Río de la Plata Juan Bautista Alberdi
0%
Honduras/Lempira Honduras Juan Manuel Gálvez
0%
Dominican Republic/Peso Captaincy General of Santo Domingo Juan Pablo Duarte y Díez
0%
Uruguay/Peso Uruguay Juan Zorrilla de San Martín
0%
Algeria/Dinar Numidia Jugurtha
0%
Cuba/Peso Republic of Cuba Julio Antonio Mella McPartland
0%
Argentina/Peso Argentine Confederation Julio Argentino Roca
0%
Colombia/Peso United States of Colombia Julio Garavito Armero
0%
Guatemala/Quetzal Federal Republic of Central America (Guatemala) Justo Rufino Barrios
0%
Georgia/Lari Russian Empire (Georgia) Kakutsa Cholokashvili
0%
Kyrgyzstan/Som Russian Empire (Kyrgyzstan) Kasym Tynystanov
0%
Hungary/Forint Kingdom of Hungary Kehidai Deák Ferenc
0%
Samoa/Tālā Colony of New Zealand Keith Jacka Holyoake
0%
Samoa/Tālā Western Samoa Keneti Tofilau
0%
Eastern Caribbean/Dollar British Windward Islands (Saint Vincent) Kenneth Dwight Vincent Venner
0%
Zambia/Kwacha Northern Rhodesia Kenneth Kaunda
0%
Botswana/Pula Bechuanaland Protectorate Ketumile Quett Joni Masire
0%
Botswana/Pula Bechuanaland Protectorate Kgalemang Tumediso Motsete
0%
United Arab Emirates/Dirham Trucial Emirate of Sharjah Khalid bin Mohammed al-Qasimi
0%
Japan/Yen Tokugawa Shogunate Kitasato Shibasaburō
0%
Fiji/Dollar Fiji Kitione Taliga Dawai
0%
Armenia/Dram Ottoman Empire (Kütahya) Komitas Vardapet
0%
Algeria/Dinar French Algeria Krim Belkacem
0%
Kazakhstan/Tenge Second Turkic Khaganate Kültegin
0%
Fiji/Dollar Fiji Laisana Likuceva
0%
Fiji/Dollar Fiji Lavenia Tinai
0%
Australia/Dollar United Kingdom of Great Britain and Ireland (England) Lawrence Hargrave
0%
Mexico/Peso Mexico Lázaro Cárdenas
0%
Israel/New Shekel German Empire (Königsberg) Leah Goldberg
0%
Poland/Złoty (People's) Republic of Poland Lech Aleksander Kaczyński
0%
Fiji/Dollar Fiji Leone Nakarawa
0%
Ukraine/Hryvnia Russian Empire (Volhynia) Lesya Ukrainka
0%
Botswana/Pula Botswana Letsile Tebogo
0%
Israel/New Shekel Russian Empire (Ukraine) Levi Yitzhak Eshkol
0%
Zambia/Kwacha Northern Rhodesia Levy Patrick Mwanawasa
0%
Guatemala/Quetzal Captaincy General of Guatemala Lorenzo de Romaña
0%
Switzerland/Franc Kingdom of the Franks Lothair II
0%
Switzerland/Franc Napoleonic Canton of Fribourg Louis Agassiz
0%
Canada/Dollar Dominion of Canada Louise McKinney
0%
Haiti/Gourde Haiti Louis Étienne Félicité Lysius Salomon
0%
Haiti/Gourde Haiti Louis Mondestin Florvil Hyppolite
0%
Thailand/Baht Ayutthaya Kingdom Luang Phichai-Asa
0%
Romania/Leu Kingdom of Romania Luca Ion Caragiale
0%
Romania/Leu Austria-Hungary (Transylvania) Lucian Blaga
0%
Philippines/Piso Captaincy General of the Philippines Luciano Sinko
0%
Burundi/Franc Ruanda-Urundi Ludoviko Rwagasore
0%
Serbia/Dinar Austrian Empire (Kingdom of Hungary) Ľudovít Velislav Štúr
0%
Bahamas/Dollar Crown Colony of the Bahamas Lynden Oscar Pindling
0%
Myanmar/Kyat Konbaung Empire Maha Bandula
0%
Thailand/Baht Thailand Maha Chakri Sirindhorn
0%
Djibouti/Franc French Somaliland Mahamoud Harbi Farah
0%
Thailand/Baht Kingdom of Siam Mahidol Adulyadej
0%
Sri Lanka/Rupee Island of Ceylon and its Dependencies Mahinda Rajapaksa
0%
Bolivia/Boliviano Viceroyalty of Peru Manuela Gandarillas
0%
Guatemala/Quetzal Captaincy General of Guatemala Manuel Antonio de Molina
0%
Armenia/Dram Roman Empire (Osroene) Mar Addai of Edessa
0%
Honduras/Lempira Honduras Marco Aurelio Soto
0%
Mexico/Peso Mexican Republic María del Carmen Serdán
0%
Costa Rica/Colón Costa Rica Maria Isabel Carvajal
0%
Peru/Sol Peru María Isabel Granda y Larco
0%
Guatemala/Quetzal Captaincy General of Guatemala Mariano Antonio de Larrave
0%
Guatemala/Quetzal Captaincy General of Guatemala Mariano de Aycinena y Piñol
0%
Guatemala/Quetzal Captaincy General of Guatemala Mariano de Beltranena
0%
Guatemala/Quetzal Captaincy General of Guatemala Mariano Gálvez
0%
Guatemala/Quetzal Guatemala Mariano Valverde
0%
Canada/Dollar Dominion of Canada Marie Thérèse Casgrain
0%
Armenia/Dram Russian Empire (Rostov) Martiros Saryan
0%
Australia/Dollar Colony of New South Wales Mary Gilmore
0%
Canada/Dollar United Kingdom of Great Britain and Ireland (England) Mary Irene Parlby
0%
Liberia/Dollar United States Mary L. Hunter
0%
Australia/Dollar United Kingdom of Great Britain and Ireland (England) Mary Reibey
0%
Scotland/Pound United Kingdom of Great Britain and Ireland (Scotland) Mary Slessor
0%
Scotland/Pound Kingdom of Great Britain (Scotland) Mary Somerville
0%
Fiji/Dollar Fiji Masivesi Ro Dakuwaqa
0%
Dominican Republic/Peso Captaincy General of Santo Domingo Matías Ramón Mella
0%
Liberia/Dollar United States Matilda Newport
0%
Democratic Republic of the Congo/Franc Belgian Congo Maurice Mpolo
0%
Philippines/Piso Captaincy General of the Philippines Maximino Mina
0%
Bosnia & Herzegovina/Convertible Mark Condominium of Bosnia and Herzegovina Mehmedalija Mak Dizdar
0%
Burundi/Franc Ruanda-Urundi Melchior Ndadaye
0%
Bolivia/Boliviano Viceroyalty of Peru Melchor Pérez de Holguin
0%
Zambia/Kwacha Northern Rhodesia Michael Charles Chilufya Sata
0%
United States/Dollar Province of Pennsylvania Michael Hillegas
0%
Guatemala/Quetzal Spain Miguel Garcia Granados
0%
Guatemala/Quetzal Nicaragua/Córdoba Captaincy General of Guatemala Miguel Jerónimo Larreinaga
0%
Romania/Leu Principality of Moldavia Mihai Eminescu
0%
Samoa/Tālā Western Samoa Mikaele Senio
0%
Bahamas/Dollar Crown Colony of the Bahamas Milo Butler
0%
Serbia/Dinar Austria-Hungary (Kingdom of Croatia-Slavonia) Milutin Milanković
0%
Turkey/Lira Ottoman Empire Mimar Ahmed Kemaleddin
0%
Azerbaijan/Manat Qajar Iran Mirza Fatali Akhundov
0%
Uzbekistan/So'm Timurid Empire Mīrzā Muhammad Tarāghāy Ulugh Beg
0%
Malaysia/Ringgit Federation of Malaya Mizan Zainal Abidin
0%
Thailand/Baht Ayutthaya Kingdom Moen Ratchasaneha
0%
Indonesia/Rupiah Dutch East Indies Mohammad Husni Thamrin
0%
United Arab Emirates/Dirham Emirate of Fujairah Mohammed bin Hamad al-Sharqi
0%
Algeria/Dinar French Algeria Mohammed Boudiaf
0%
Pakistan/Rupee British Raj (Bombay Presidency) Mohtarma Fatima Jinnah
0%
Botswana/Pula Bechuanaland Protectorate Mokgweetsi Eric Keabetswe Masisi
0%
Azerbaijan/Manat Kazakh Sultanate Molla Pənah Vaqif
0%
Israel/New Shekel Russian Empire (Ukraine) Moshe Sharett
0%
Algeria/Dinar French Algeria Mostefa Ben Boulaïd
0%
Algeria/Dinar French Algeria Mourad Didouche
0%
Pakistan/Rupee British Raj (Punjab Province) Muhammad Iqbal
0%
Algeria/Dinar French Algeria Muhammad Larbi Ben M'hidi
0%
Bosnia & Herzegovina/Convertible Mark Ottoman Empire (Bosnia) Musa Ćazim Ćatić
0%
Ukraine/Hryvnia Congress Poland Mykhailo Serhiiovych Hrushevskyi
0%
United States/Dollar Kingdom of England Myles Standish
0%
Serbia/Dinar Principality of Serbia Nadežda Petrović
0%
Thailand/Baht Ayutthaya Kingdom Nai Mahanuphap
0%
Albania/Lek Ottoman Empire (Albania) Naim bey Frashëri
0%
Thailand/Baht Ayutthaya Kingdom Naresuan
0%
Sudan/Pound Kingdom of Kush Natakamani
0%
Israel/New Shekel Congress Poland Nathan Alterman
0%
Japan/Yen Tokugawa Shogunate Natsume Kinnosuke
0%
Canada/Dollar Dominion of Canada Nellie Letitia McClung
0%
Romania/Leu Principality of Wallachia Nicolae Grigorescu
0%
Mexico/Peso Mexico Nieves Orozco Soberanes
0%
Russia/Ruble Russian Empire Nikolay Nikolayevich Muravyov-Amursky
0%
Georgia/Lari Russian Empire (Georgia) Niko Pirosmanashvili
0%
Sweden/Krona Sweden Nils Bengt Folke Ekerot
0%
Japan/Yen Tokugawa Shogunate Ninomiya Sontoku
0%
Japan/Yen Tokugawa Shogunate Nitobe Inazō
0%
Nigeria/Naira Northern Nigeria Protectorate Nnamdi Benjamin Azikiwe
0%
Jamaica/Dollar Colony of Jamaica Noel Newton "Crab" Nethersole
0%
Japan/Yen Empire of Japan Noguchi Hideyo
0%
Føroyar/Króna Denmark-Norway (Faroe Islands) Nólsoyar Páll
0%
Cambodia/Riel Nguyễn Việt Nam (Trấn Tây Thành) Norodom Prohmbarirak
0%
Nigeria/Naira Southern Nigeria Protectorate Obafemi Jeremiah Oyeniyi Awolowo
0%
Samoa/Tālā Western Samoa Ofisa Treviranus
0%
Nigeria/Naira Lagos Colony Olayinka Herbert Macaulay
0%
United States/Dollar Connecticut Colony Oliver Wolcott Sr.
0%
Fiji/Dollar Fiji Osea Kolinisau
0%
Indonesia/Rupiah Dutch East Indies Oto Iskandar Di Nata
0%
Bolivia/Boliviano Bolivia Pablo Zárate Willka
0%
Indonesia/Rupiah Sultanate of Banjar Pangeran Antasari
0%
Bolivia/Boliviano Viceroyalty of the Río de la Plata Pantaleón Dalence
0%
Sri Lanka/Rupee Kingdom of Polonnaruwa Parakramabahu I
0%
Armenia/Dram Transcaucasian SFSR Paruyr Sevak
0%
Peru/Sol Peru Pedro Abraham Valdelomar
0%
Philippines/Piso Captaincy General of the Philippines Pedro Alejandro Paterno
0%
Guatemala/Quetzal Captaincy General of Guatemala Pedro de Arroyave
0%
Peru/Sol Peru Pedro Eleodoro Paulet
0%
Uruguay/Peso Uruguay Pedro Figari
0%
Chile/Peso Crown of Castile Pedro Gutiérrez de Valdivia
0%
Dominican Republic/Peso Dominican Republic Pedro Henríquez Ureña
0%
Bolivia/Boliviano Viceroyalty of the Río de la Plata Pedro Ignacio Muiba
0%
Nicaragua/Córdoba Nicaragua Pedro Joaquín Chamorro Cardenal
0%
Philippines/Piso Captaincy General of the Philippines Pedro Villavert Jiménez
0%
Serbia/Dinar Prince-Bishopric of Montenegro Petar II Petrović-Njegoš
0%
Bosnia & Herzegovina/Convertible Mark Ottoman Empire (Bosnia) Petar Kočić
0%
Singapore/Dollar British Raj (Presidency of Fort St. George) P. Govindasamy Pillai
0%
United States/Dollar United States Philip Henry Sheridan
0%
Thailand/Baht Ayutthaya Kingdom Phra Chiang-ngeon
0%
Thailand/Baht Thailand Phra Maharatchakhru Phithi Si Wisutthikhun
0%
Albania/Lek Ottoman Empire (Kosovo) Pjetër Bogdani
0%
Mexico/Peso Mexico Plutarco Elías Calles
0%
Colombia/Peso Viceroyalty of New Granada Policarpa Salavarrieta
0%
Malaysia/Ringgit Kingdom of Perlis Putra ibni Almarhum Syed Hassan Jamalullail
0%
Transnistria/Ruble Crown of the Kingdom of Poland Pyotr Alexandrovich Rumyantsev-Zadunaisky
0%
Algeria/Dinar French Algeria Rabah Bitat
0%
Israel/New Shekel Russian Empire (Saratov) Rachel Bluwstein Sela
0%
Iceland/Krónur Denmark–Norway (Iceland) Ragnheiður Jónsdóttir
0%
Thailand/Baht Sukhothai Kingdom Ramkhamhaeng
0%
United Arab Emirates/Dirham Trucial Emirate of Ajman Rashid bin Humaid al-Nuaimi III
0%
United Arab Emirates/Dirham Trucial Emirate of Dubai Rashid bin Saeed al-Maktoum
0%
Peru/Sol Peru Raúl Porras Barrenechea
0%
Fiji/Dollar Fiji Reapi Ulunisau
0%
Mauritius/Rupee Colony of Mauritius Renganaden Seeneevassen
0%
Philippines/Piso United States Richard Kerens Sutherland
0%
United States/Dollar Province of Pennsylvania Robert Fulton
0%
Canada/Dollar Province of Nova Scotia Robert Laird Borden
0%
Fiji/Dollar Fiji Roela Radiniyavuni
0%
Bahamas/Dollar Crown Colony of the Bahamas Roland Theodore Symonette
0%
Malawi/Kwacha Protectorate of Nyasaland Rose Lomathinda Chibambo
0%
United States/Dollar Kingdom of England Rose Standish
0%
Fiji/Dollar Fiji Rusila Nagasau
0%
Comoros/Franc Colony of Madagascar and Dependencies (Comoros) Saïd Mohamed Ben Chech Abdallah Cheikh
0%
Malaysia/Ringgit Federated Malay States (Selangor) Salahuddin Abdul Aziz
0%
Dominican Republic/Peso Dominican Republic Salomé Ureña Díaz de Henríquez
0%
Thailand/Baht Sweden–Norway (Norway) Sam Eyde
0%
Fiji/Dollar Fiji Samisoni Viriviri Nasagavesi
0%
Fiji/Dollar Colony of Fiji Samisoni Vugakoto
0%
United States/Dollar Province of Massachusetts Bay Samuel Dexter
0%
United States/Dollar United States Samuel Finley Breese Morse
0%
Australia/Dollar United Kingdom of Great Britain and Ireland (Wales) Samuel Griffith
0%
United States/Dollar Connecticut Colony Samuel Huntington
0%
Barbados/Dollar Colony of Barbados Samuel Jackman Prescod
0%
Philippines/Piso Captaincy General of the Philippines Santiago Mateo Patero
0%
United Arab Emirates/Dirham Trucial Emirate of Sharjah (Ra's al-Khaymah) Saqr bin Mohammed al-Qasimi
0%
Liberia/Dollar United States Sarah Draper
0%
Liberia/Dollar United States Sarah McGill Russwurm
0%
Hungary/Forint Archduchy of Austria Sárvár-Felsővidéki Széchenyi István
0%
Thailand/Baht Kingdom of Siam Savang Vadhana
0%
Fiji/Dollar Fiji Savenaca Rawaca
0%
Kyrgyzstan/Som Russian Empire (Kyrgyzstan) Sayaqbay Qaralaev
0%
Guatemala/Quetzal Guatemala Sebastián Hurtado
0%
Fiji/Dollar Fiji Semi Kunabuli Kunatani
0%
Egypt/Pound Middle Kingdom of Egypt Senusret I
0%
Philippines/Piso Captaincy General of the Philippines Sergio Osmeña
0%
Fiji/Dollar Fiji Sesenieli Donu
0%
Laos/Kip Lan Xang Setthathirath
0%
Iran/Rial Qajar Iran Seyyed Hassan Modarres
0%
Israel/New Shekel Russian Empire (Ukraine) Shaul Gutmanovich Tchernichovsky
0%
Japan/Yen Tokugawa Shogunate Shibusawa Eiichi
0%
Israel/New Shekel Russian Empire (Ukraine) Shmuel Yosef Agnon
0%
Georgia/Lari Kingdom of Georgia Shota Rustaveli
0%
Japan/Yen Yamato Ōken Shōtoku Taishi
0%
Philippines/Piso Captaincy General of the Philippines Simeon Mobo
0%
Malaysia/Ringgit Japanese Malaya (Perlis) Sirajuddin ibni Almarhum
0%
Thailand/Baht Thailand Sirivannavari Nariratana Rajakanya
0%
Cambodia/Riel Rattanakosin Kingdom (Battambang) Sisowath
0%
Tunisia/Dinar Regency of Tunis Slaheddine el-Amami
0%
Serbia/Dinar Austria-Hungary (Kingdom of Croatia-Slavonia) Slobodan Jovanović
0%
Mongolia/Tögrög Great Qing (Outer Mongolia) Soliin Danzan
0%
Sri Lanka/Rupee Island of Ceylon and its Territories and Dependencies Solomon West Ridgeway Dias Bandaranaike
0%
Thailand/Baht Kingdom of Siam Somdet Phra Ariyavongsagatanana IX
0%
Mauritius/Rupee Colony of Mauritius Sookdeo Bissoondoyal
0%
Switzerland/Franc Switzerland Sophie Taeuber-Arp
0%
Thailand/Baht Kingdom of Siam Srinagarindra Boromarajajonani
0%
Bahamas/Dollar Crown Colony of the Bahamas Stafford Sands
0%
Canada/Dollar Province of Lower Canada Stanislas Jean-Baptiste Rolland
0%
Poland/Złoty Congress Poland Stefan Wyszyński
0%
United States/Dollar Colony of Rhode Island and Providence Plantations Stephen Hopkins
0%
Serbia/Dinar Principality of Serbia Stevan Stojanović Mokranjac
0%
Japan/Yen Fujiwara Regency Sugawara no Michizane
0%
Samoa/Tālā German Samoa Susuga Malietoa Tanumafili II
0%
Thailand/Baht Thailand Suthida Bajrasudhabimalalakshana
0%
Kyrgyzstan/Som Kirghiz SSR Süymönqul Çoqmorov
0%
Poland/Złoty Duchy of Bohemia Svatý Vojtěch
0%
Canada/Dollar Dominion of Canada Sydney G. Dobson
0%
Japan/Yen Tokugawa Shogunate Takahashi Korekiyo
0%
Japan/Yen Yamato Ōken Takenouchi no Sukune
0%
Ukraine/Hryvnia Transnistria/Ruble Russian Empire (Lesser Russia) Taras Hryhorovych Shevchenko
0%
United States/Dollar Očhéthi Šakówiŋ Tȟatȟóka Íŋyaŋke
0%
Tunisia/Dinar Regency of Tunis Tewhida Ben Sheikh
0%
Myanmar/Kyat British Raj (Burma) Thakin Po Hla Gyi
0%
United States/Dollar United States Thomas Hart Benton
0%
United States/Dollar Province of Pennsylvania Thomas Willing
0%
Armenia/Dram Georgian SSR Tigran Vardani Petrosian
0%
North Macedonia/Denar Roman Empire (Macedonia) Titus Flavius Orestes of Heraclea Lyncestis
0%
Czechia/Koruna Austrian Empire Tomáš Garrigue Masaryk
0%
Armenia/Dram Kingdom of Greater Armenia Trdat III Arshakuni
0%
Japan/Yen Tokugawa Shogunate Tsuda Umeko
0%
Malaysia/Ringgit Federated Malay States (Negeri Sembilan) Tuanku Abdul Rahman ibni Almarhum Tuanku Muhammad
0%
Honduras/Lempira Oxwitik Uaxaclajuun Ubʼaah Kʼawiil
0%
Thailand/Baht Switzerland Ubol Ratana
0%
Libya/Dinar Ottoman Empire (Tripolitania) Umar al-Mukhtār Muḥammad bin Farḥāt al-Manifī
0%
Sri Lanka/Rupee Island of Ceylon and its Territories and Dependencies Umar Lebbe Panikkar
0%
Serbia/Dinar Austrian Empire (Kladno) Václav Svatopluk Štulc
0%
Georgia/Lari Kingdom of Iberia/Kartli Vakhtang I Gorgasali
0%
Romania/Leu Principality of Moldavia Vasile Lupu Coci
0%
Fiji/Dollar Fiji Vasiti Solikoviti
0%
Fiji/Dollar Fiji Vatemo Ravouvou
0%
Føroyar/Króna Denmark (Faroe Islands) Venceslaus Ulricus Hammershaimb
0%
Philippines/Piso Captaincy General of the Philippines Vicente Locsin
0%
Armenia/Dram Russian Empire (Georgia) Viktor Hambardzumyan
0%
Czechia/Koruna Austria-Hungary Vilém Pospíšil
0%
Fiji/Dollar Fiji Viliame Sevaka Mata
0%
Fiji/Dollar Fiji Viniana Naisaluwaki Riwai
0%
Ukraine/Hryvnia Russian Empire Vladimir Ivanovich Vernadsky
0%
Serbia/Dinar Ottoman Empire (Rumelia) Vuk Stefanović Karadžić
0%
Sri Lanka/Rupee Kingdom of Kandy Wariyapola Sri Sumangala Thero
0%
Jamaica/Dollar Colony of Jamaica William Alexander Clarke Bustamante
0%
Scotland/Pound United Kingdom of Great Britain and Ireland (Scotland) William Arrol
0%
United States/Dollar Colony of Rhode Island and Providence Plantations William Ellery
0%
United States/Dollar Province of New York William Floyd
0%
United States/Dollar Province of Massachusetts Bay William Hooper
0%
Australia/Dollar United Kingdom of Great Britain and Ireland (England) William James Farrer
0%
Fiji/Dollar Fiji William Koong
0%
United States/Dollar United States William Morris Meredith
0%
United States/Dollar Province of Maryland William Paca
0%
United States/Dollar United States William Pitt Fessenden
0%
Liberia/Dollar Liberia William Richard Tolbert Jr.
0%
Armenia/Dram United States William Saroyan
0%
South Ossetia/Zarin Russian Empire (Ossetia) Xetægkaty Lewany fyrt Khosta
0%
Azerbaijan/Manat Russian Empire (Georgia) Xurşidbanu Natəvan
0%
Gambia/Dalasi Gambia Yahya Abdul-Aziz Jemus Junkung Jammeh
0%
Malaysia/Ringgit Kelantan Sultanate Yahya Petra ibni Almarhum Sultan Ibrahim
0%
Armenia/Dram Russian Empire (Kars) Yeghishe Ch'arents'
0%
Israel/New Shekel Russian Empire (Ukraine) Yitzhak Ben-Zvi
0%
Turkey/Lira Seljuk Sultanate of Rûm Yunus Emre
0%
Singapore/Dollar Federated Malay States (Perak) Yusof bin Ishak al-Haj
0%
Kyrgyzstan/Som Kara-Khanid Khanate Yūsuf Balasaguni
0%
Israel/New Shekel Russian Empire (Belarus) Zalman Shazar
0%
No matching quizzes found
Score Distribution
Percent of People with Each Score
Percentile by Number Answered
Your Score History
You have not taken this quiz